000 00814cam a2200301L 4500
001 94002
005 20230411090052.0
008 091214s2008 sp 000 u spa d
035 _a(OCoLC)ocn488422087
040 _aDKDLA
_bdan
_cDKDLA
020 _a8483078376
020 _a9788483078372
029 0 _aDKDLA
_b37304785
035 _a(OCoLC)488422087
043 _ae-po---
_ae-sp---
084 _a282
_2z
049 _aGRAL
245 0 3 _aLa Iglesia en España :
_b1975-2008 /
_cAlfredo Grimaldos Feito.
260 _aBarcelona :
_bPenínsula,
_c2008.
300 _a350 s. ;
_c23 cm.
490 1 _aAtalaya ;
_v325
500 _aUndertitel på omslaget: 1977-2008.
700 1 _aGrimaldos, Alfredo,
_d1956-.
830 0 _aAtalaya ;
_v325.
942 _2lcc
_cbk
994 _aC0
_bDRFGD
946 _aYM
999 _c111926
_d111926